| 000 | 00598nam a22002177a 4500 | ||
|---|---|---|---|
| 001 | 00028597 | ||
| 005 | 20260319150522.0 | ||
| 008 | 260319b ag ||||| |||| 00| 0 spa d | ||
| 020 | _a950786122 | ||
| 040 |
_aAR-CcCEOS _bspa _cAR-CcCEOS |
||
| 041 | _aspa | ||
| 080 | _a159.97 | ||
| 090 | _bWIÑ | ||
| 100 | 1 |
_aWiñazki, Miguel, _d1956- _9928 |
|
| 245 |
_aAtaque de pánico : _bCrónicas del miedo en la Argentina / _cMiguel Wiñazki |
||
| 250 | _a1a ed. | ||
| 264 |
_aBuenos Aires : _bBiblos, _c1996. |
||
| 300 |
_a100 p. ; _c20x14 cm. |
||
| 650 | 0 |
_apsicología _9114 |
|
| 942 |
_2udc _cBK _n0 |
||
| 999 |
_c28627 _d28627 |
||